书目信息 |
| 题名: |
用脚做梦
|
|
| 作者: | 于春祥 著 | |
| 分册: | ||
| 出版信息: | 成都 四川教育出版社 2005 |
|
| 页数: | 271页 | |
| 开本: | 21cm | |
| 丛书名: | 教育在线文库 | |
| 单 册: | ||
| 中图分类: | G52-53 | |
| 科图分类: | ||
| 主题词: | 教育工作 , 教育工作--中国--现代--文集 | |
| 电子资源: | ||
| ISBN: | 7-5408-4001-3 | |
| 000 | 01153nam0 2200349 450 | |
| 000 | 01116nam0 2200337 450 | |
| 000 | 01114nam0 2200349 450 | |
| 000 | 01060nam0 2200325 450 | |
| 000 | 01089nam0 2200313 450 | |
| 000 | 01052nam0 2200301 45 | |
| 001 | TS2006029065 | |
| 005 | 20061210153413.64 | |
| 010 | @a7-5408-4001-3@dCNY19.00 | |
| 100 | @a20060829d2005 em y0chiy0110 ea | |
| 101 | 0 | @achi |
| 102 | @aCN@b510000 | |
| 105 | @ay z 000yy | |
| 200 | 1 | @a用脚做梦@Ayong jiao zuo meng@f于春祥著@FYu Chun Xiang Zhu |
| 210 | @a成都@c四川教育出版社@d2005 | |
| 215 | @a271页@d21cm | |
| 225 | 2 | @a教育在线文库@i教育随笔系列 |
| 330 | @a本文集收录《跟数字游戏说拜拜》、《给生命插上翅膀》、《开卷考的啥素质?》、《要舍得智力投资》、《饭碗与使命》等。 | |
| 410 | 0 | @12001 @a教育在线文库 |
| 410 | 0 | @12001 @a教育随笔系列 |
| 606 | 0 | @a教育工作 |
| 606 | 0 | @a教育工作@y中国@z现代@x文集 |
| 690 | @aG52-53@v4 | |
| 701 | 0 | @a于春祥@Ayu chun xiang@4著 |
| 801 | 0 | @aCN@b中图数据@c20061210 |
| 905 | @a10447@dG52-53@e106 | |
| 用脚做梦/于春祥著.-成都:四川教育出版社,2005 |
| 271页;21cm.-(教育在线文库.教育随笔系列) |
| ISBN 7-5408-4001-3:CNY19.00 |
| 本文集收录《跟数字游戏说拜拜》、《给生命插上翅膀》、《开卷考的啥素质?》、《要舍得智力投资》、《饭碗与使命》等。 |
| ● |
| 相关链接 |
|
|
|
|
正题名:用脚做梦
索取号:G52-53/106
 
预约/预借
| 序号 | 登录号 | 条形码 | 馆藏地/架位号 | 状态 | 备注 |
| 1 | 0610325 | 206103250 | 第一样本阅览室/ [索取号:G52-53/106] | 在馆 | |
| 2 | 0610326 | 206103269 | 第四借阅区/ [索取号:G52-53/106] | 在馆 | |
| 3 | 0610327 | 206103278 | 第四借阅区/ [索取号:G52-53/106] | 在馆 | |
| 4 | 0610328 | 206103287 | 第四借阅区/ [索取号:G52-53/106] | 在馆 | |
| 5 | 0610329 | 206103296 | 第四借阅区/ [索取号:G52-53/106] | 在馆 | |
| 6 | 0610330 | 206103303 | 第四借阅区/ [索取号:G52-53/106] | 在馆 |